000 00859cam a2200205 4500
001 WB3812-10
008 020326n2002 000 0 eng u
035 _a(Sirsi) u117244
245 _aMOD launches 'green' handbook
260 _c2002
490 _aMinistry of Defence News Release
_v(086/02) 26 March 2002, (2)
520 _aMinistry of Defence launches its "Appraisal handbook for sustainablity and the environment" which is a practical guide on applying government policy on sustainable development. This should help MOD planners identify the potential environment and social impact of certain projects.
590 _aWB
650 _aMINISTRY OF DEFENCE
650 _aSUSTAINABLE DEVELOPMENT
650 _aESTATE MANAGEMENT
650 _aDEFENCE ESTATES
690 _aENVIRONMENTAL AND LAND CONSULTANCY-ENVIRONMENTAL MANAGEMENT
942 _n0
999 _c69843
_d69843